Životné minimum od 1.júla 2019

Životné minimum od 1. júla 2019. Pohľad na vývoj životného minima. Zmeny vo veličinách, ktoré ovplyvňujú životné minimum. Ilustračné príklady.

Na minha lista:
Detalhes bibliográficos
Autor principal: Danajovičová, Katarína
Formato: Capítulo de Livro
Idioma:eslovaco
Assuntos:
Tags: Adicionar Tag
Sem tags, seja o primeiro a adicionar uma tag!

MARC

LEADER 00000naa a2200000 4500
001 0257733
005 20221104111047.3
041 0 |a slo 
044 |a SK 
245 1 0 |a Životné minimum od 1.júla 2019  |c Katarína Danajovičová 
520 |a Životné minimum od 1. júla 2019. Pohľad na vývoj životného minima. Zmeny vo veličinách, ktoré ovplyvňujú životné minimum. Ilustračné príklady. 
610 2 0 |a zákony 
610 2 0 |a Slovensko 
610 2 0 |a novelizácia 
610 2 0 |a minimum existenčné 
100 1 |a Danajovičová, Katarína